000
00315nam a22001337a 4500
020
_a
978-93-5732-062-7
082
_a
894.812
_b
JOS/N
100
_a
MURPHY, JOSEPH
245
_a
NINNILTHANNE VISHWASIKUKA
260
_a
KOTTAYAM
_b
DC BOOKS
_c
2023
300
_a
78
650
_a
MALAYALAM LITERATURE
_z
KERALA
942
_c
BK
999
_c
7111
_d
7111